000 00774nam a22002897a 4500
001 BR0100346
003 BR-BrBNA
005 20230928100757.0
007 ta
008 230509b bl.||||| |||| 00| 0 por d
040 _aBR-BrBNA
_bpor
_cBiblioteca Nacional de Agricultura
041 _a(Por)
072 _aM12
090 _ M12 BR0100346
110 1 _aInstituto Novas Fronteiras da Cooperacao, Brasilia, DF (Brasil)
_96548
245 1 _aCultivo de peixes em tanque-rede
260 3 _aBrasilia, DF (Brasil):
_c2000.
300 _a35 p.
500 _a10 ref.; 17 tables; 16 illus.
650 _aTanque
650 _aPiscicultura
650 _aCriacao
650 _aNutricao Animal
650 _aCusto
909 _a202309
_bLucia
_c55
_dLucia Elande
942 _cBK
999 _c62758
_d62758